01581nam a22003857a 4500003000500000005001700005008004100022010001000063011001000073035001000083040000900093090001000102100003600112245011200148260004000260300001000300502008100310590003700391590004100428590004100469590004100510590004100551590004100592590004200633650003600675650003200711650005400743901000700797942000900804949004300813949005500856999001700911952013900928952012801067CHAP20220329135714.0971013s1995 r 00010 d a40843 a41815 a45941 cCHAP aTesis00aRomán Herrera, Ramiro.999743 aAlgunas consideraciones ecológicas para elegir un método de tratamiento silvícola para regeneración aChapingo, Méx. :bEl autor,c1995 a56 h. aTesis (Ing. Agr. Esp. en Bosques) -- UACH. División de Ciencias Forestales aALEPHb10c20130110lUCH01h1309 aBATCH-UPDb10c20130110lUCH01h0249 aBATCH-UPDb10c20130110lUCH01h1617 aBATCH-UPDb10c20130409lUCH01h2320 aBATCH-UPDb10c20130410lUCH01h1321 aBATCH-UPDb10c20130914lUCH01h0712 aCONVERSIONb10c20130109lUCH01h132314aBosquesxRegeneración.91437714aEcología forestal.93517614aSilviculturaxPublicaciones periódicas.9106124 aBK cFOLL bBCcTESd-104778eTS1h30392i45941si bBCcTESd33724000005559eTS2fc.2h30393i45941si c40843d40843 00102local4053708TESISaBCbBCcPA_TESISd2019-12-31fFOLLl0oTesisp33724000005559r2019-12-31 00:00:00tc.2w2019-12-31yTESIS 00102local4051708TESISaBCbBCcPA_TESISd2019-12-31fTESISl0oTesisp-104778r2019-12-31 00:00:00w2019-12-31yTESIS